000 00616nam a22002297a 4500
005 20220706143753.0
008 220706b ||||| |||| 00| 0 eng d
040 _cAloy
041 _aeng
082 _223
_a320.532
_bROYN
100 _aM N Roy
_947280
245 _aNew humanism:
_bA manifesto
260 _aDelhi:
_bAjanta Publications
_c1981
300 _avi,111p.
_bHB
_c22x14cm.
365 _2Political Science
650 _aRevolution
_947281
650 _aCommunism
_947282
650 _aMaterialism
_947283
650 _aScience and Philosophy
_947284
700 _aROY (M N)
_947285
942 _2ddc
_cGF
999 _c223611
_d223611